000 01215nam a2200325 a 4500
001 000115337
003 CHAP
005 20220329144530.0
008 190509s2018 mx a |sm |||||||spa d
010 _a111798
011 _a112770
040 _cCHAP
090 _aTesis
100 1 _aLópez Díaz, Walver Adolfo.
_9135550
245 1 0 _aAnálisis CFD del ambiente de un invernadero asimétrico con pared húmeda y extractores
_h[En línea]
_cpor Walver Adolfo López Díaz.
260 _aChapingo, Méx. :
_bEl autor,
_c2018.
500 _aPara ver el contenido del material haga clic en la liga
502 _aTesis (Ing. Mecánico Agrícola) -- UACH. Departamento de Ingeniería Mecánica Agrícola
590 _aBATCH-UPD
_b05
_c20190509
_lUCH01
_h1503
590 _aE11695DGD
_b10
_c20190513
_lUCH01
_h1238
590 _aE6339RRR
_b05
_c20190509
_lUCH01
_h1502
590 _aE6339RRR
_b05
_c20190509
_lUCH01
_h1504
650 1 4 _aHumedad
_xCultivos en invernadero.
_9131768
650 1 4 _aInvernaderos
_xAutomatización.
_960174
650 1 4 _aInvernaderos
_xVentilación.
_9126353
856 _aFinding aid
_uhttp://10.13.5.2/tesis/sist115337.pdf
_zTeclea aquí
901 _aBK
942 _cTESIS
942 _n0
999 _c111798
_d111798